[Event "MESRRK"]
[Site "?"]
[Date "2018.05.26"]
[Round "3.20"]
[White "Hudakova, Nina"]
[Black "Labyk, Illia"]
[Result "0-1"]
[BlackElo "1314"]
[WhiteElo "1096"]
[LiveChessVersion "1.4.8"]

1. e4 {[%clk 0:20:16]} e6 {[%clk 0:20:19]} 2. d4 {[%clk 0:20:05]} d5
{[%clk 0:20:25]} 3. e5 {[%clk 0:20:07]} c5 {[%clk 0:20:33]} 4. Nf3
{[%clk 0:19:57]} cxd4 {[%clk 0:20:39]} 5. Nxd4 {[%clk 0:19:46]} Qb6
{[%clk 0:20:46]} 6. Nc3 {[%clk 0:19:11]} Nc6 {[%clk 0:20:00]} 7. Nxc6
{[%clk 0:17:58]} bxc6 {[%clk 0:20:07]} 8. Bd3 {[%clk 0:16:41]} Bb4
{[%clk 0:19:57]} 9. Bd2 {[%clk 0:16:32]} Bxc3 {[%clk 0:18:10]} 10. Bxc3
{[%clk 0:16:35]} d4 {[%clk 0:17:53]} 11. Bd2 {[%clk 0:16:17]} Qxb2
{[%clk 0:17:50]} 12. O-O {[%clk 0:16:19]} Ne7 {[%clk 0:17:51]} 13. Bc1
{[%clk 0:14:20]} Qxa1 {[%clk 0:17:47]} 14. a3 {[%clk 0:13:42]} O-O
{[%clk 0:17:43]} 15. Qg4 {[%clk 0:12:45]} Qc3 {[%clk 0:17:18]} 16. Bh6
{[%clk 0:12:05]} Ng6 {[%clk 0:17:20]} 17. Bxg6 {[%clk 0:11:55]} fxg6
{[%clk 0:17:20]} 18. Bf4 {[%clk 0:11:05]} Qxc2 {[%clk 0:17:09]} 19. Rc1
{[%clk 0:10:31]} Qf5 {[%clk 0:16:58]} 20. Qf3 {[%clk 0:09:34]} Qxf4
{[%clk 0:16:57]} 21. Qxf4 {[%clk 0:09:39]} Rxf4 {[%clk 0:17:05]} 22. Rxc6
{[%clk 0:09:31]} d3 {[%clk 0:17:12]} 23. Rd6 {[%clk 0:09:36]} Ba6
{[%clk 0:17:12]} 24. Rxe6 {[%clk 0:09:32]} d2 {[%clk 0:17:20]} 25. Rd6
{[%clk 0:09:40]} Rc8 {[%clk 0:17:25]} 26. h3 {[%clk 0:09:16]} Rc1+
{[%clk 0:17:32]} 27. Kh2 {[%clk 0:09:24]} d1=Q {[%clk 0:17:38]} 28. Rxd1
{[%clk 0:09:29]} Rxd1 {[%clk 0:17:47]} 29. g3 {[%clk 0:09:29]} Rxf2# 0-1

[Event "MESRRK"]
[Site "?"]
[Date "2018.05.26"]
[Round "3.21"]
[White "Strapec, Lukas"]
[Black "Finek, Vaclav"]
[Result "0-1"]
[BlackElo "1763"]
[WhiteElo "1289"]
[LiveChessVersion "1.4.8"]

1. Nf3 {[%clk 0:20:17]} d5 {[%clk 0:20:18]} 2. d4 {[%clk 0:20:21]} Nf6
{[%clk 0:20:22]} 3. Bf4 {[%clk 0:20:24]} e6 {[%clk 0:20:11]} 4. e3
{[%clk 0:20:19]} c5 {[%clk 0:19:55]} 5. c3 {[%clk 0:19:26]} a6 {[%clk 0:19:35]}
6. Be2 {[%clk 0:18:50]} Nc6 {[%clk 0:19:08]} 7. O-O {[%clk 0:18:24]} Be7
{[%clk 0:18:59]} 8. Nbd2 {[%clk 0:18:03]} O-O {[%clk 0:18:54]} 9. Qc2
{[%clk 0:16:52]} Bd7 {[%clk 0:18:42]} 10. Rad1 {[%clk 0:15:39]} Rc8
{[%clk 0:17:33]} 11. Rfe1 {[%clk 0:15:14]} b5 {[%clk 0:16:59]} 12. e4
{[%clk 0:14:27]} cxd4 {[%clk 0:16:47]} 13. cxd4 {[%clk 0:11:55]} Nxd4
{[%clk 0:16:10]} 14. Qd3 {[%clk 0:10:53]} Nc2 {[%clk 0:15:30]} 15. Rf1
{[%clk 0:10:17]} Nb4 {[%clk 0:15:34]} 16. Qb1 {[%clk 0:09:19]} dxe4
{[%clk 0:13:56]} 17. Nxe4 {[%clk 0:09:06]} Nbd5 {[%clk 0:14:01]} 18. Bg3
{[%clk 0:06:43]} h6 {[%clk 0:13:13]} 19. Nxf6+ {[%clk 0:05:12]} Bxf6
{[%clk 0:13:07]} 20. Be5 {[%clk 0:04:39]} Bc6 {[%clk 0:11:43]} 21. Bxf6
{[%clk 0:03:39]} Qxf6 {[%clk 0:11:50]} 22. Nd4 {[%clk 0:03:22]} Nf4
{[%clk 0:11:44]} 23. Bf3 {[%clk 0:02:51]} Bxf3 {[%clk 0:11:37]} 24. Nxf3
{[%clk 0:02:50]} Rc4 {[%clk 0:11:01]} 25. Rd2 {[%clk 0:01:52]} Nxg2
{[%clk 0:10:44]} 26. Rfd1 {[%clk 0:01:28]} Rg4 {[%clk 0:09:09]} 27. Nd4
{[%clk 0:01:08]} Ne3+ {[%clk 0:08:30]} 28. Kh1 {[%clk 0:00:56]} Rxd4
{[%clk 0:08:09]} 0-1

[Event "MESRRK"]
[Site "?"]
[Date "2018.05.26"]
[Round "3.22"]
[White "Pylypenko, Radomyr"]
[Black "Durovka, Marek"]
[Result "1-0"]
[BlackElo "1276"]
[WhiteElo "1422"]
[LiveChessVersion "1.4.8"]

1. e4 {[%clk 0:15:43]} c5 {[%clk 0:20:08]} 2. Nf3 {[%clk 0:15:51]} d6
{[%clk 0:20:16]} 3. d4 {[%clk 0:15:58]} cxd4 {[%clk 0:20:22]} 4. Nxd4
{[%clk 0:16:05]} Nf6 {[%clk 0:20:30]} 5. Nc3 {[%clk 0:16:13]} g6 {[%clk 0:20:30]}
6. Bg5 {[%clk 0:16:18]} Bg7 {[%clk 0:20:29]} 7. Nf3 {[%clk 0:16:25]} Nc6
{[%clk 0:19:50]} 8. Bb5 {[%clk 0:16:22]} O-O {[%clk 0:19:44]} 9. O-O
{[%clk 0:16:27]} Bd7 {[%clk 0:19:37]} 10. Re1 {[%clk 0:15:42]} Ne8
{[%clk 0:18:23]} 11. Bf4 {[%clk 0:14:21]} Qc7 {[%clk 0:16:12]} 12. a3
{[%clk 0:13:54]} a6 {[%clk 0:14:59]} 13. Nd5 {[%clk 0:13:43]} Qd8
{[%clk 0:14:29]} 14. Bxc6 {[%clk 0:13:39]} Bxc6 {[%clk 0:14:15]} 15. Nc3
{[%clk 0:13:32]} Qc7 {[%clk 0:12:14]} 16. Qe2 {[%clk 0:12:10]} f6
{[%clk 0:11:06]} 17. Nd4 {[%clk 0:11:44]} Bd7 {[%clk 0:10:09]} 18. Nd5
{[%clk 0:11:19]} Qd8 {[%clk 0:09:31]} 19. Qc4 {[%clk 0:10:37]} e5
{[%clk 0:08:26]} 20. Nxf6+ {[%clk 0:10:18]} Kh8 {[%clk 0:06:27]} 21. Nxd7
{[%clk 0:10:18]} Qxd7 {[%clk 0:06:00]} 22. Ne6 {[%clk 0:10:19]} Rxf4
{[%clk 0:03:59]} 23. Nxf4 {[%clk 0:10:25]} exf4 {[%clk 0:04:06]} 24. Rab1
{[%clk 0:10:22]} Rc8 {[%clk 0:03:59]} 25. Qd3 {[%clk 0:10:26]} Nf6
{[%clk 0:03:16]} 26. e5 {[%clk 0:09:53]} dxe5 {[%clk 0:03:16]} 27. Rxe5
{[%clk 0:09:54]} Qxd3 {[%clk 0:02:56]} 28. cxd3 {[%clk 0:10:02]} Nh5
{[%clk 0:02:27]} 29. Re7 {[%clk 0:09:40]} Bxb2 {[%clk 0:02:16]} 30. Rxb7
{[%clk 0:09:33]} Bxa3 {[%clk 0:02:07]} 31. g4 {[%clk 0:09:17]} fxg3
{[%clk 0:01:49]} 32. hxg3 {[%clk 0:09:24]} a5 {[%clk 0:01:45]} 33. Re1
{[%clk 0:09:15]} Bb4 {[%clk 0:01:25]} 34. Re5 {[%clk 0:09:12]} Ng7
{[%clk 0:01:13]} 35. Rd5 {[%clk 0:09:13]} Nf5 {[%clk 0:01:00]} 36. Rdd7
{[%clk 0:09:12]} h5 {[%clk 0:00:37]} 37. d4 {[%clk 0:08:02]} Bc3 {[%clk 0:00:21]}
38. d5 {[%clk 0:07:59]} Kg8 {[%clk 0:00:17]} 39. Rb6 {[%clk 0:07:53]} Ra8
{[%clk 0:00:17]} 40. Rxg6+ {[%clk 0:07:55]} Kf8 {[%clk 0:00:21]} 41. Rc6
{[%clk 0:07:50]} Bg7 {[%clk 0:00:19]} 42. d6 {[%clk 0:07:44]} a4 {[%clk 0:00:27]}
43. Rc2 {[%clk 0:07:45]} a3 {[%clk 0:00:27]} 44. Ra2 {[%clk 0:07:53]} Bb2
{[%clk 0:00:28]} 45. Rb7 {[%clk 0:07:52]} Bf6 {[%clk 0:00:13]} 46. Rb5
{[%clk 0:07:44]} Nxd6 {[%clk 0:00:16]} 47. Rxh5 {[%clk 0:07:50]} 1-0

[Event "MESRRK"]
[Site "?"]
[Date "2018.05.26"]
[Round "3.23"]
[White "Meszaros, Casey Ryan"]
[Black "Haasova, Timea"]
[Result "1-0"]
[BlackElo "1415"]
[WhiteElo "1191"]
[LiveChessVersion "1.4.8"]

1. e4 {[%clk 0:20:06]} e5 {[%clk 0:20:18]} 2. Nf3 {[%clk 0:20:13]} Nc6
{[%clk 0:20:26]} 3. Bc4 {[%clk 0:20:21]} Bc5 {[%clk 0:20:34]} 4. d3
{[%clk 0:20:25]} Nf6 {[%clk 0:20:33]} 5. O-O {[%clk 0:20:10]} O-O
{[%clk 0:20:38]} 6. Bb3 {[%clk 0:20:00]} d5 {[%clk 0:20:11]} 7. exd5
{[%clk 0:19:45]} Nxd5 {[%clk 0:20:16]} 8. Nxe5 {[%clk 0:19:16]} Nd4
{[%clk 0:17:46]} 9. Nf3 {[%clk 0:18:24]} Nxb3 {[%clk 0:15:49]} 10. axb3
{[%clk 0:17:50]} Nf6 {[%clk 0:14:43]} 11. Be3 {[%clk 0:17:12]} Bd6
{[%clk 0:14:16]} 12. Re1 {[%clk 0:16:37]} Re8 {[%clk 0:14:15]} 13. Bg5
{[%clk 0:15:44]} Rxe1+ {[%clk 0:13:52]} 14. Qxe1 {[%clk 0:15:49]} Be6
{[%clk 0:13:52]} 15. Nc3 {[%clk 0:14:13]} h6 {[%clk 0:12:12]} 16. Bh4
{[%clk 0:12:57]} Bc5 {[%clk 0:12:00]} 17. Ne4 {[%clk 0:11:50]} Be7
{[%clk 0:11:43]} 18. Bxf6 {[%clk 0:10:57]} Bxf6 {[%clk 0:11:46]} 19. Nxf6+
{[%clk 0:10:55]} Qxf6 20. Qc3 {[%clk 0:10:47]} Qxc3 {[%clk 0:11:31]} 21. bxc3
{[%clk 0:10:54]} a6 {[%clk 0:11:05]} 22. Nd4 {[%clk 0:10:47]} Re8
{[%clk 0:10:40]} 23. Nxe6 {[%clk 0:10:40]} Rxe6 {[%clk 0:10:43]} 24. Kf1
{[%clk 0:10:39]} Kf8 {[%clk 0:10:34]} 25. Re1 {[%clk 0:10:28]} Ke7
{[%clk 0:10:20]} 26. Rxe6+ {[%clk 0:10:30]} Kxe6 {[%clk 0:10:21]} 27. Ke2
{[%clk 0:10:36]} b5 {[%clk 0:10:02]} 28. Ke3 {[%clk 0:10:23]} Kd5
{[%clk 0:09:58]} 29. Kd2 {[%clk 0:09:28]} a5 {[%clk 0:09:58]} 30. c4+
{[%clk 0:09:21]} bxc4 {[%clk 0:10:02]} 31. dxc4+ {[%clk 0:09:25]} Kc5
{[%clk 0:09:54]} 32. Kc3 {[%clk 0:09:05]} f5 {[%clk 0:09:36]} 33. f4
{[%clk 0:08:57]} g5 {[%clk 0:09:34]} 34. g3 {[%clk 0:08:09]} c6 {[%clk 0:08:20]}
35. h3 {[%clk 0:07:04]} Kd6 {[%clk 0:07:56]} 36. Kd4 {[%clk 0:06:47]} c5+
{[%clk 0:07:44]} 37. Ke3 {[%clk 0:06:38]} Ke6 {[%clk 0:07:48]} 38. Kf3
{[%clk 0:06:34]} Kf6 {[%clk 0:07:28]} 39. c3 {[%clk 0:05:47]} Kg6
{[%clk 0:07:24]} 40. g4 {[%clk 0:04:59]} Kf6 {[%clk 0:05:53]} 41. Kg3
{[%clk 0:03:54]} fxg4 {[%clk 0:04:20]} 42. hxg4 {[%clk 0:03:09]} gxf4+
{[%clk 0:03:30]} 43. Kxf4 {[%clk 0:03:17]} Kg6 {[%clk 0:03:29]} 44. Ke5
{[%clk 0:02:20]} Kg5 {[%clk 0:03:26]} 45. Kd5 {[%clk 0:02:28]} Kxg4
{[%clk 0:03:33]} 46. Kxc5 {[%clk 0:02:36]} h5 {[%clk 0:03:40]} 47. Kb6
{[%clk 0:02:44]} Kf5 {[%clk 0:03:26]} 48. c5 {[%clk 0:02:51]} h4 {[%clk 0:03:18]}
49. c6 {[%clk 0:02:58]} h3 {[%clk 0:03:26]} 50. c7 {[%clk 0:03:06]} h2
{[%clk 0:03:35]} 51. c8=Q+ {[%clk 0:03:13]} Kg5 {[%clk 0:03:41]} 52. Qc6
{[%clk 0:03:19]} Kg4 {[%clk 0:03:48]} 53. Qh1 {[%clk 0:03:27]} Kg3
{[%clk 0:03:54]} 54. c4 {[%clk 0:03:36]} Kf4 {[%clk 0:03:50]} 55. c5
{[%clk 0:03:42]} Ke3 {[%clk 0:03:54]} 56. c6 {[%clk 0:03:49]} Kd3
{[%clk 0:04:01]} 57. c7 {[%clk 0:03:51]} Kc3 {[%clk 0:04:08]} 58. c8=R+
{[%clk 0:03:58]} Kxb3 {[%clk 0:04:15]} 59. Qf3+ {[%clk 0:04:05]} Kb2
{[%clk 0:04:15]} 60. Qc3+ {[%clk 0:04:13]} Ka2 {[%clk 0:04:16]} 61. Qc1
{[%clk 0:04:12]} Kb3 {[%clk 0:04:19]} 62. Rc3+ {[%clk 0:04:15]} Ka2
{[%clk 0:04:09]} 63. Qc2+ {[%clk 0:04:21]} Ka1 {[%clk 0:04:08]} 64. Ra3# 1-0

[Event "MESRRK"]
[Site "?"]
[Date "2018.05.26"]
[Round "3.24"]
[White "Micova, Barbora"]
[Black "Svadlenka, Dominik"]
[Result "0-1"]
[BlackElo "1322"]
[WhiteElo "1082"]
[LiveChessVersion "1.4.8"]

1. e4 {[%clk 0:20:17]} e5 {[%clk 0:20:18]} 2. Nf3 {[%clk 0:20:24]} Nc6
{[%clk 0:20:27]} 3. Nc3 {[%clk 0:20:31]} Nf6 {[%clk 0:20:35]} 4. Bb5
{[%clk 0:20:37]} Bb4 {[%clk 0:20:43]} 5. d3 {[%clk 0:20:44]} h6 {[%clk 0:20:50]}
6. O-O {[%clk 0:20:46]} a6 {[%clk 0:20:54]} 7. Bxc6 {[%clk 0:20:39]} dxc6
{[%clk 0:20:48]} 8. a3 {[%clk 0:20:45]} Bd6 {[%clk 0:20:52]} 9. Be3
{[%clk 0:20:50]} Bg4 {[%clk 0:20:55]} 10. h3 {[%clk 0:20:53]} Bh5
{[%clk 0:20:54]} 11. Re1 {[%clk 0:20:59]} O-O {[%clk 0:20:58]} 12. b4
{[%clk 0:20:37]} Qd7 {[%clk 0:20:45]} 13. Rb1 {[%clk 0:20:29]} Rad8
{[%clk 0:20:18]} 14. Rb3 {[%clk 0:20:28]} Rfe8 {[%clk 0:19:58]} 15. a4
{[%clk 0:19:30]} Re6 {[%clk 0:19:33]} 16. b5 {[%clk 0:19:30]} cxb5
{[%clk 0:19:34]} 17. axb5 {[%clk 0:19:37]} axb5 {[%clk 0:19:27]} 18. Nxb5
{[%clk 0:19:38]} Bf8 {[%clk 0:19:03]} 19. Rf1 {[%clk 0:18:51]} c6
{[%clk 0:19:02]} 20. Nc3 {[%clk 0:17:58]} Nh7 {[%clk 0:18:43]} 21. Re1
{[%clk 0:17:55]} Rde8 {[%clk 0:18:35]} 22. Na4 {[%clk 0:17:12]} Rg6
{[%clk 0:18:41]} 23. Nb6 {[%clk 0:16:40]} Qxh3 {[%clk 0:18:47]} 24. g3
{[%clk 0:16:41]} Ree6 {[%clk 0:18:19]} 25. Nd7 {[%clk 0:16:36]} Nf6
{[%clk 0:17:57]} 26. Nxf8 {[%clk 0:16:21]} Kxf8 {[%clk 0:17:13]} 27. Rxb7
{[%clk 0:16:27]} Ne8 {[%clk 0:17:16]} 28. Bc5+ {[%clk 0:16:28]} Kg8
{[%clk 0:17:12]} 29. Re3 {[%clk 0:15:37]} Nf6 {[%clk 0:15:12]} 30. Rb8+
{[%clk 0:15:33]} Kh7 {[%clk 0:15:20]} 31. Qf1 {[%clk 0:15:15]} Qxf1+
{[%clk 0:15:05]} 32. Kxf1 {[%clk 0:15:22]} Ng4 {[%clk 0:15:09]} 33. Re1
{[%clk 0:15:19]} Ref6 {[%clk 0:14:57]} 34. Kg2 {[%clk 0:14:54]} Ne3+
{[%clk 0:14:26]} 35. Bxe3 {[%clk 0:14:48]} Rxf3 {[%clk 0:14:17]} 36. Ra1
{[%clk 0:14:46]} f5 {[%clk 0:13:46]} 37. Raa8 {[%clk 0:14:50]} Rf6
{[%clk 0:13:43]} 38. Rh8+ {[%clk 0:14:55]} Kg6 {[%clk 0:13:51]} 39. exf5+
{[%clk 0:14:54]} R3xf5 {[%clk 0:13:49]} 40. Rag8 {[%clk 0:14:42]} Bf3+
{[%clk 0:13:45]} 41. Kf1 {[%clk 0:14:45]} Rh5 {[%clk 0:13:23]} 42. Ke1
{[%clk 0:13:58]} Rh1+ {[%clk 0:12:37]} 43. Kd2 {[%clk 0:14:06]} Rd6
{[%clk 0:12:21]} 44. c4 {[%clk 0:13:43]} e4 {[%clk 0:12:24]} 45. Rd8
{[%clk 0:13:23]} Rd1+ {[%clk 0:12:17]} 46. Kc3 {[%clk 0:13:25]} R1xd3+
{[%clk 0:11:32]} 47. Kb4 {[%clk 0:13:25]} Rxd8 {[%clk 0:11:40]} 48. Rxd8
{[%clk 0:13:21]} Rxd8 {[%clk 0:11:48]} 49. Bf4 {[%clk 0:13:15]} Kf5
{[%clk 0:11:46]} 50. Kc5 {[%clk 0:13:20]} Rc8 {[%clk 0:11:51]} 51. Bd6
{[%clk 0:13:17]} Kf6 {[%clk 0:11:50]} 52. Bf4 {[%clk 0:13:24]} g5
{[%clk 0:11:55]} 53. Bd6 {[%clk 0:13:32]} Ke6 {[%clk 0:11:56]} 54. g4
{[%clk 0:13:32]} Bxg4 {[%clk 0:12:01]} 55. Bh2 {[%clk 0:13:39]} Bf3
{[%clk 0:12:01]} 56. Bd6 {[%clk 0:13:46]} h5 {[%clk 0:12:01]} 57. Bh2
{[%clk 0:13:54]} h4 {[%clk 0:12:08]} 58. Bd6 {[%clk 0:14:00]} h3 {[%clk 0:12:00]}
59. Bh2 {[%clk 0:14:04]} g4 {[%clk 0:12:07]} 60. Bg1 {[%clk 0:14:12]} Kf5
{[%clk 0:12:07]} 61. Bh2 {[%clk 0:14:20]} Kg5 {[%clk 0:12:04]} 62. Bg3
{[%clk 0:14:28]} e3 {[%clk 0:11:59]} 63. fxe3 {[%clk 0:14:30]} Rh8
{[%clk 0:12:01]} 64. Bf4+ {[%clk 0:14:32]} Kf5 {[%clk 0:12:07]} 65. Bh2
{[%clk 0:14:38]} Rg8 {[%clk 0:12:01]} 66. Bg3 {[%clk 0:14:45]} Ke4
{[%clk 0:12:04]} 67. Bh2 {[%clk 0:14:52]} Kxe3 {[%clk 0:12:11]} 68. Bg1+
{[%clk 0:14:57]} Ke2 {[%clk 0:12:18]} 69. Bh2 {[%clk 0:15:05]} Kf2
{[%clk 0:12:25]} 70. Bd6 {[%clk 0:15:11]} g3 {[%clk 0:12:16]} 71. Kb4
{[%clk 0:15:06]} h2 {[%clk 0:12:21]} 72. Bxg3+ {[%clk 0:15:12]} Rxg3
{[%clk 0:12:26]} 73. Kc5 {[%clk 0:15:19]} h1=Q {[%clk 0:12:31]} 74. Kd6
{[%clk 0:15:21]} Qh6+ {[%clk 0:12:36]} 75. Kc5 {[%clk 0:15:29]} Qe3+
{[%clk 0:12:43]} 76. Kd6 {[%clk 0:15:37]} Rg6+ {[%clk 0:12:51]} 77. Kc7
{[%clk 0:15:46]} Qe7+ {[%clk 0:12:58]} 78. Kb6 {[%clk 0:15:54]} c5+
{[%clk 0:13:03]} 79. Kb5 {[%clk 0:16:02]} Qb7+ {[%clk 0:13:09]} 80. Kxc5
{[%clk 0:16:09]} Qc6+ {[%clk 0:13:15]} 81. Kd4 {[%clk 0:16:17]} Rd6+
{[%clk 0:13:22]} 82. Kc3 {[%clk 0:16:24]} Ke2 {[%clk 0:13:25]} 83. Kc2
{[%clk 0:16:33]} Qxc4+ {[%clk 0:13:33]} 84. Kb1 {[%clk 0:16:40]} Rb6+
{[%clk 0:13:39]} 85. Ka1 {[%clk 0:16:47]} Qa4# {[%clk 0:20:10]} 0-1

[Event "MESRRK"]
[Site "?"]
[Date "2018.05.26"]
[Round "3.25"]
[White "Sevcik, Ondrej"]
[Black "Buchtova, Viktorie"]
[Result "0-1"]
[BlackElo "1015"]
[WhiteElo "1188"]
[LiveChessVersion "1.4.8"]

1. e4 {[%clk 0:20:18]} e5 {[%clk 0:20:19]} 2. Nf3 {[%clk 0:20:26]} Nc6
{[%clk 0:20:27]} 3. Bc4 {[%clk 0:20:34]} Nf6 {[%clk 0:20:34]} 4. Ng5
{[%clk 0:20:42]} d5 {[%clk 0:20:43]} 5. exd5 {[%clk 0:20:50]} Na5
{[%clk 0:20:51]} 6. Bb5+ {[%clk 0:20:52]} c6 {[%clk 0:20:58]} 7. dxc6
{[%clk 0:20:59]} bxc6 {[%clk 0:21:05]} 8. Ba4 {[%clk 0:20:54]} h6
{[%clk 0:20:52]} 9. Nf3 {[%clk 0:20:54]} e4 {[%clk 0:20:59]} 10. Ne5
{[%clk 0:20:55]} Bc5 {[%clk 0:20:26]} 11. Nxc6 {[%clk 0:20:48]} Nxc6
{[%clk 0:19:09]} 12. Bxc6+ {[%clk 0:20:55]} Bd7 {[%clk 0:19:13]} 13. Bxa8
{[%clk 0:21:01]} Qxa8 {[%clk 0:19:20]} 14. O-O {[%clk 0:20:49]} O-O
{[%clk 0:19:27]} 15. Nc3 {[%clk 0:20:55]} Qb8 {[%clk 0:18:57]} 16. d3
{[%clk 0:20:44]} Ng4 {[%clk 0:18:59]} 17. g3 {[%clk 0:20:46]} e3 {[%clk 0:18:41]}
18. fxe3 {[%clk 0:19:36]} Bxe3+ {[%clk 0:18:48]} 19. Kg2 {[%clk 0:19:25]} Qb7+
{[%clk 0:18:41]} 20. Kh3 {[%clk 0:19:05]} Nf6+ {[%clk 0:18:41]} 21. g4
{[%clk 0:18:54]} Bxg4+ {[%clk 0:18:46]} 22. Kg3 {[%clk 0:18:45]} Bxd1
{[%clk 0:18:10]} 23. Bxe3 {[%clk 0:18:45]} Nh5+ {[%clk 0:18:02]} 24. Kf2
{[%clk 0:18:24]} Qf3+ {[%clk 0:17:51]} 25. Kg1 {[%clk 0:18:17]} Qxe3+
{[%clk 0:17:55]} 26. Kg2 {[%clk 0:17:35]} Nf4+ {[%clk 0:17:51]} 27. Kh1
{[%clk 0:16:52]} Bf3+ {[%clk 0:17:55]} 28. Rxf3 {[%clk 0:15:32]} Qxf3+
{[%clk 0:18:02]} 29. Kg1 {[%clk 0:15:32]} Qg2# {[%clk 0:18:10]} 0-1